000 00742nam a2200241 a 4500
001 BRL_1185
005 20190320211055.0
008 221113s1967----enka######---#000-0#spa-#
041 _aspa
044 _aenk
050 4 _aN7301
_b.D46 1967
100 1 _aDeneck, Marguerite-Marie
_926044
245 1 0 _aEl arte de la India
_cMarguerite-Marie Deneck ; texto traducido por Horacio Flores-Sánchez.
260 _aLondon
_bPaul Hamlyn
_c1967
300 _a40 p.
_bil., 48 láminas (algunas a color)
_c27 cm.
440 0 _aBiblioteca de Arte en Color
_926045
500 _aAu1366
650 1 4 _aArte
_zIndia
_918478
651 4 _aIndia
_xAntigüedades
_926046
700 1 _aFlores-Sánchez, Horacio
_etr.
_926047
902 _aGRL
942 _2lcc
_cB
999 _c9997
_d9997